000 00484nam a2200145 i 4500
001 62701
003 ES-MaACL
007 t|
008 031125s1939 sp ||||1| spa d
100 1 _aFernández Baños, Olegario.
_949499
245 1 0 _aTrabajo y capital
_b: sus funciones en una economía nacional /
_cOlegario Fernández Baños.
260 _aMadrid :
_bSobrinos Sucesores de Minuesa de los Ríos,
_c1939.
300 _aXI, 504 p. ;
_c25 cm.
852 _aES-MaACL
_jB-9593
_bR.19384
999 _c62701
_d62701